Asiatic researches history and antiquities the arts sciences ethnology and literature of Asia (v.5) (Record no. 160927)
[ view plain ]
| 000 -LEADER | |
|---|---|
| fixed length control field | 00313nam a22001217a 4500 |
| 082 ## - DEWEY DECIMAL CLASSIFICATION NUMBER | |
| Classification number | |
| Item number | |
| 245 ## - TITLE STATEMENT | |
| Title | Asiatic researches history and antiquities the arts sciences ethnology and literature of Asia (v.5) |
| 260 ## - PUBLICATION, DISTRIBUTION, ETC. | |
| Place of publication, distribution, etc. | New Delhi: |
| Name of publisher, distributor, etc. | Cosmo, |
| Date of publication, distribution, etc. | 1980. |
| 300 ## - PHYSICAL DESCRIPTION | |
| Extent | 478p. |
| 600 ## - SUBJECT ADDED ENTRY--PERSONAL NAME | |
| Personal name | |
| 650 ## - SUBJECT ADDED ENTRY--TOPICAL TERM | |
| Topical term or geographic name entry element | |
| 942 ## - ADDED ENTRY ELEMENTS (KOHA) | |
| Koha item type | Book |
| Withdrawn status | Lost status | Damaged status | Not for loan | Permanent Location | Current Location | Shelving location | Date acquired | Cost, normal purchase price | Total Checkouts | Barcode | Date last seen | Price effective from | Koha item type |
|---|---|---|---|---|---|---|---|---|---|---|---|---|---|
| RC Thiruvananthapuram | RC Thiruvananthapuram | 03.10.2018 | 687.50 | TV001874 | 03.10.2018 | 03.10.2018 | Book | ||||||
| RC Thiruvananthapuram | RC Thiruvananthapuram | 03.10.2018 | 687.50 | TV001875 | 03.10.2018 | 03.10.2018 | Book | ||||||
| RC Thiruvananthapuram | RC Thiruvananthapuram | 03.10.2018 | 687.50 | TV001876 | 03.10.2018 | 03.10.2018 | Book |